<?xml version="1.0" encoding="UTF-8"?>
<record
    xmlns:xsi="http://www.w3.org/2001/XMLSchema-instance"
    xsi:schemaLocation="http://www.loc.gov/MARC21/slim http://www.loc.gov/standards/marcxml/schema/MARC21slim.xsd"
    xmlns="http://www.loc.gov/MARC21/slim">

  <leader>01842nam a22002057a 4500</leader>
  <controlfield tag="005">20250310114437.0</controlfield>
  <datafield tag="010" ind1=" " ind2=" ">
    <subfield code="a">ENG-144065</subfield>
  </datafield>
  <datafield tag="020" ind1=" " ind2=" ">
    <subfield code="c">3600.00</subfield>
    <subfield code="a">9788194538707</subfield>
  </datafield>
  <datafield tag="035" ind1=" " ind2=" ">
    <subfield code="a">EN-127597</subfield>
  </datafield>
  <datafield tag="037" ind1=" " ind2=" ">
    <subfield code="b">DBAD</subfield>
  </datafield>
  <datafield tag="082" ind1=" " ind2=" ">
    <subfield code="a">409.54</subfield>
  </datafield>
  <datafield tag="245" ind1=" " ind2=" ">
    <subfield code="a">Indianization of scientific terms:</subfield>
    <subfield code="b">writings and notes of the late Prof. RaghuVira/</subfield>
    <subfield code="c">Edited by Lokesh Chandra</subfield>
  </datafield>
  <datafield tag="250" ind1=" " ind2=" ">
    <subfield code="a">1</subfield>
  </datafield>
  <datafield tag="260" ind1=" " ind2=" ">
    <subfield code="a">New Delhi</subfield>
    <subfield code="b">Aditya Prakashan</subfield>
    <subfield code="c">2020</subfield>
  </datafield>
  <datafield tag="270" ind1=" " ind2=" ">
    <subfield code="b">New Delhi</subfield>
    <subfield code="e">110002</subfield>
    <subfield code="a">2/18, Ansari Road </subfield>
    <subfield code="m">contact@adityaprakashan.com</subfield>
  </datafield>
  <datafield tag="300" ind1=" " ind2=" ">
    <subfield code="a">390p.</subfield>
    <subfield code="c">29cm.(Hb)</subfield>
    <subfield code="b">ill. </subfield>
  </datafield>
  <datafield tag="500" ind1=" " ind2=" ">
    <subfield code="a">Modern science has created around a million words in European languages. As India gained independence it became imperative to create terms for administration, industry, humanistic and scientific disciplines. It was a continuation of a long tradition of linguistic creativity. This book is a collection of the writeups of Prof. RaghuVira who was the prime `maker of Indian words'. The source languages of European terminologies Greek and Latin shared the same grammatical basis of word-formation from roots with prefixes and suffixes like Sanskrit the historical source language of India. Language as a process of evolution, creation of Japanese and Chinese terminologies, the linguistic reform in Turkish, rejuvenation of Hebrew, the development of Hindi as the official language, principles of coining Indian terms, the art of translation, improvement in Indian terms due to scientific advances, and several facets of the linguistic revolution in newly liberated countries can be read in this book in the very words of Prof. RaghuVira the creator of India's macrocosm of linguistic evolution. The book is a thrilling narrative of India's logos, with parallels from other lands.</subfield>
  </datafield>
  <datafield tag="700" ind1=" " ind2=" ">
    <subfield code="a">Chandra, Lokesh</subfield>
    <subfield code="e">Editor</subfield>
    <subfield code="9">79454</subfield>
  </datafield>
  <datafield tag="942" ind1=" " ind2=" ">
    <subfield code="2">ddc</subfield>
    <subfield code="c">EN</subfield>
    <subfield code="m">IND</subfield>
    <subfield code="h">409.54</subfield>
    <subfield code="e">1</subfield>
  </datafield>
  <datafield tag="999" ind1=" " ind2=" ">
    <subfield code="c">210193</subfield>
    <subfield code="d">210193</subfield>
  </datafield>
  <datafield tag="952" ind1=" " ind2=" ">
    <subfield code="0">0</subfield>
    <subfield code="1">0</subfield>
    <subfield code="4">0</subfield>
    <subfield code="7">1</subfield>
    <subfield code="8">REF</subfield>
    <subfield code="a">L</subfield>
    <subfield code="b">L</subfield>
    <subfield code="d">2025-03-10</subfield>
    <subfield code="e">Delivery of Books Act Division</subfield>
    <subfield code="g">3600.00</subfield>
    <subfield code="l">0</subfield>
    <subfield code="o">IND 409.54</subfield>
    <subfield code="p">EN-127597</subfield>
    <subfield code="r">2025-03-10 00:00:00</subfield>
    <subfield code="t">1</subfield>
    <subfield code="v">3600.00</subfield>
    <subfield code="w">2025-03-10</subfield>
    <subfield code="y">EN</subfield>
  </datafield>
</record>
